000 00363cam a2200145ua 4500
041 _aeng
_h
082 _a825
_bFOR/AS
100 _aForster, E.M .
245 _aAspects of the novel /
_cE.M Forster.
_hTextual Documents
260 _aLondon :
_bEdward Arnold Publications Ltd ,
_c1963.
300 _a160 ; .
504 _a
942 _cBK
999 _c8846
_d8846